<?xml version="1.0" encoding="UTF-8"?>
<marc:record xmlns:marc="http://www.loc.gov/MARC21/slim">
   <marc:leader>00000nam a2200000 a 4500</marc:leader>
   <marc:datafield ind1="1" ind2=" " tag="100">
      <marc:subfield code="a">Wassner, Andreas</marc:subfield>
      <marc:subfield code="4">aut</marc:subfield>
      <marc:subfield code="e">Verfasser/-in</marc:subfield>
   </marc:datafield>
   <marc:datafield ind1=" " ind2=" " tag="653">
      <marc:subfield code="a">Wunder</marc:subfield>
   </marc:datafield>
   <marc:datafield ind1=" " ind2=" " tag="653">
      <marc:subfield code="a">33er Serie</marc:subfield>
   </marc:datafield>
   <marc:datafield ind1=" " ind2=" " tag="653">
      <marc:subfield code="a">Geben für Leben</marc:subfield>
   </marc:datafield>
   <marc:datafield ind1=" " ind2=" " tag="653">
      <marc:subfield code="a">Lebensretter</marc:subfield>
   </marc:datafield>
   <marc:datafield ind1=" " ind2=" " tag="653">
      <marc:subfield code="a">Leukämie</marc:subfield>
   </marc:datafield>
   <marc:datafield ind1=" " ind2=" " tag="653">
      <marc:subfield code="a">Typisierung</marc:subfield>
   </marc:datafield>
   <marc:datafield ind1=" " ind2=" " tag="653">
      <marc:subfield code="a">Knochenmarkspende</marc:subfield>
   </marc:datafield>
   <marc:datafield ind1=" " ind2=" " tag="653">
      <marc:subfield code="a">Tagebücher</marc:subfield>
   </marc:datafield>
   <marc:datafield ind1="0" ind2="0" tag="245">
      <marc:subfield code="a">33 wundersame Geschichten von GEBEN für LEBEN</marc:subfield>
   </marc:datafield>
   <marc:datafield ind1="0" ind2="0" tag="245">
      <marc:subfield code="c">Andreas Wassner</marc:subfield>
   </marc:datafield>
   <marc:datafield ind1=" " ind2="1" tag="264">
      <marc:subfield code="a">Bregenz</marc:subfield>
      <marc:subfield code="b">edition V</marc:subfield>
      <marc:subfield code="c">2022</marc:subfield>
   </marc:datafield>
   <marc:datafield ind1="1" ind2=" " tag="520">
      <marc:subfield code="a">Angaben aus der Verlagsmeldung

33 wundersame Geschichten von GEBEN für LEBEN / von Andreas Wassner

Ihre Nichte erkrankt an Leukämie, also startet Herlinde mit ihren Freundinnen Dagmar und Melitta eine Suchaktion nach einem Lebensretter. Was so beginnt, ist heute die erfolgreichste Stammzellspenderdatei Österreichs.Ein kleines Kind bekommt Leukämie und braucht dringend eine lebensrettende Stammzellspende. Tausende Menschen in ganz Österreich helfen zusammen, um den passenden „genetischen Zwilling“ zu finden.Der Alltag des gemeinnützigen Vereins „Geben für Leben – Leukämiehilfe Österreich“ zeigt, wie die Krankheit der einen zum Heil der anderen werden kann. Wie der Zusammenhalt der Bevölkerung zu großer Hoffnung und unendlicher Dankbarkeit führt. Und warum ein unbezahlbares Menschenleben schon um € 16.000 zu haben ist.In diesem Buch werden 33 berührende Geschichten aus dem Alltag des Vereins geteilt, die einen Einblick in die emotionale Achterbahnfahrt gewähren, denen das engagierte Team jeden Tag gegenüber steht. Oder wie sie es ausdrücken würden: „Wir haben den schönsten Job der Welt!“
</marc:subfield>
   </marc:datafield>
   <marc:datafield ind1=" " ind2=" " tag="020">
      <marc:subfield code="a">9783903240469</marc:subfield>
      <marc:subfield code="9">9783903240469</marc:subfield>
   </marc:datafield>
   <marc:datafield ind1=" " ind2=" " tag="020">
      <marc:subfield code="a">390324046X</marc:subfield>
      <marc:subfield code="9">390324046X</marc:subfield>
   </marc:datafield>
   <marc:datafield ind1=" " ind2=" " tag="041">
      <marc:subfield code="a">ger</marc:subfield>
   </marc:datafield>
   <marc:datafield ind1=" " ind2=" " tag="300">
      <marc:subfield code="a">152 Seiten</marc:subfield>
   </marc:datafield>
</marc:record>
